00581nam a2200133Ia 4500008004100000100002300041245005400064260003600118650012500154650001400279856004400293999001900337952009100356171212s9999 xx 000 0 und d aBarry, Kathleen L. cBarry, Kathleen L.aThe Prostitution of Sexuality bNew York University Pressc1995 aProstitution -- Moral and ethical aspects; Sex oriented businesses; Sex crimes; Women -- Crimes against; Feminist theory aSociology uhttp://www.jstor.org/stable/j.ctt9qg779 c351564d351564 001040aCLbCLd2017-12-12l0oHQ 117 .B37 1995r2017-12-12 00:00:00w2017-12-12yCBE